| 000 | 00710nam a22002057a 4500 | ||
|---|---|---|---|
| 003 | LK-CoMWRAF | ||
| 005 | 20240527094047.0 | ||
| 008 | 240527b2009 |||||||| |||| 00| 0 eng d | ||
| 040 |
_aLK-CoMWRAF _dLK-CoMWRAF _eLK-CoMWRAF |
||
| 041 | _aeng | ||
| 082 |
_a321.4 _bFRI |
||
| 110 | _aFriedrich-Ebert-Stiftung | ||
| 245 |
_aFor freedom and social justice: _bSocial democratic political platforms and practical politics since the middle of the 19th century- an exhibition |
||
| 260 |
_a[Colombo]: _bFriedrich-Ebert-Stiftung, _c2009 |
||
| 300 | _a[unnumbered pg.],ill | ||
| 490 |
_aFES publication _v76 |
||
| 650 | _aSOCIAL DEMOCRACY | ||
| 650 | _aSocial democratic programmes-Germany-Exhibitions | ||
| 942 | _cBK | ||
| 999 |
_c4892 _d4892 |
||